000 00771nam a2200241 i 4500
001 11537
003 ES-MaACL
005 20250303062539.0
008 950206s1994 sp |||| | spa d
020 _a84-88435-08-8
080 _a860-92"18"
100 1 _aPardo Bazán, Emilia,
_cCondesa de,
_d1851-1921
_9176434
245 1 0 _aCrónicas en La Nación de Buenos Aires
_b: 1909-1921 /
_cEmilia Pardo Bazán ; edición de Cyrus DeCoster.
260 _aMadrid :
_bPliegos,
_cD.L. 1994.
300 _a285 p ;
_c20 cm.
490 1 _aPliegos de ensayo ;
_v95
504 _aBibliografía.
700 1 _aDeCoster, Cyrus Cole (
_d1914-1999)
_9176198
830 0 _aPliegos de ensayo ;
_v95
_9176437
852 _aES-MaACL
_jL-18860
942 _2udc
999 _c11537
_d11537